000 00325nam a2200145Ia 4500
100 _aTharma/ P.
650 _aElectrical Engineering
942 _cBK
654 _aamplifiers
245 _aTransister audio amplifiers
260 _bVan Nostrand
_aNew York
_c1971
082 _a621.38
300 _a413
546 _aENGLISH
999 _c34403
_d34403